[Event "Beirut op 10th"]
[Site "Beirut"]
[Date "2019.05.02"]
[Round "8"]
[White "Najjar, Ahmad"]
[Black "Dimitrijevic, Aleksandra"]
[Result "1-0"]
[WhiteElo "2233"]
[BlackElo "2164"]
[PlyCount "125"]
[EventDate "2019.04.25"]
[EventType "swiss"]
[EventRounds "9"]
[EventCountry "LBN"]
[SourceTitle "CBM 190 Extra"]
[Source "ChessBase"]
[SourceDate "2019.07.15"]
[SourceVersion "1"]
[SourceVersionDate "2019.07.15"]
[SourceQuality "1"]

1. d4 d6 2. Nc3 Nf6 3. e4 e5 4. dxe5 dxe5 5. Qxd8+ Kxd8 6. Bc4 Be6 7. Bxe6 fxe6 8. f3 a6 9. Be3 Bd6 10. Nge2 Ke7 11. 0-0-0 Nbd7 12. Rd2 Rad8 13. Rhd1 h6 14. a3 Rb8 15. Kb1 b5 16. Ka2 a5 17. Nc1 a4 18. b4 Rhd8 19. Kb2 Nb6 20. Bxb6 Rxb6 21. Nd3 Nd7 22. Nc5 Rbb8 23. Nxd7 Rxd7 24. Nxb5 Rxb5 25. c4 Rb8 26. c5 Rdd8 27. Kc3 Bxc5 28. Rxd8 Bxb4+ 29. Kc4 Rxd8 30. Rxd8 Bxa3 31. Ra8 Bc1 32. Rxa4 h5 33. Ra1 Be3 34. Rd1 c6 35. Rd3 Bg1 36. Rd1 Be3 37. Rb1 g5 38. Rb7+ Kd6 39. Kd3 Bc1 40. Rb3 h4 41. g3 hxg3 42. hxg3 g4 43. fxg4 Bh6 44. Rb7 c5 45. Kc4 Be3 46. Rg7 Bh6 47. Rh7 Be3 48. Kd3 Bc1 49. Rh1 Bg5 50. Rh5 Bc1 51. g5 Ke7 52. Rh7+ Kf8 53. g6 Bb2 54. Kc4 Bd4 55. Kb5 Kg8 56. Kc6 c4 57. Kd6 c3 58. Kxe6 Bb6 59. Rh2 Kg7 60. Kf5 Be3 61. Rh7+ Kg8 62. Rc7 Bd4 63. Kf6 1-0

[Event "Beirut op 10th"]
[Site "Beirut"]
[Date "2019.05.01"]
[Round "6"]
[White "Cherniaev, Alexander"]
[Black "Dimitrijevic, Aleksandra"]
[Result "1-0"]
[WhiteElo "2401"]
[BlackElo "2164"]
[PlyCount "129"]
[EventDate "2019.04.25"]
[EventType "swiss"]
[EventRounds "9"]
[EventCountry "LBN"]
[SourceTitle "CBM 190 Extra"]
[Source "ChessBase"]
[SourceDate "2019.07.15"]
[SourceVersion "1"]
[SourceVersionDate "2019.07.15"]
[SourceQuality "1"]

1. d4 d6 2. e4 Nf6 3. Nc3 c6 4. Nge2 e5 5. h3 Qc7 6. g4 h6 7. Bg2 Be7 8. Be3 b6 9. Ng3 g6 10. Qd2 h5 11. 0-0-0 Nbd7 12. g5 Nh7 13. h4 Bb7 14. f4 exf4 15. Bxf4 0-0-0 16. Kb1 Rhe8 17. a3 a6 18. Rdf1 f6 19. gxf6 Bxf6 20. Nge2 Kb8 21. Bg3 Ka7 22. Rf2 Re7 23. Bh3 Bg7 24. Nf4 Ndf8 25. Re1 Nf6 26. Rff1 Rde8 27. Bg2 Qd8 28. Rd1 Ka8 29. Bf3 N6h7 30. Qg2 Bh8 31. Qh2 b5 32. Qg2 Rd7 33. Nfe2 Qc8 34. Qh2 Qd8 35. Bg2 Nf6 36. Bh3 Ng4 37. Bxg4 hxg4 38. Rf4 c5 39. Rxg4 b4 40. axb4 cxb4 41. Nd5 Qa5 42. Bxd6 Bxd5 43. exd5 Rxe2 44. Qxe2 Rxd6 45. h5 Qxd5 46. hxg6 Bg7 47. Rf1 Ne6 48. Qe4 Qxe4 49. Rxe4 Bxd4 50. Rd1 Kb7 51. g7 Nxg7 52. Rdxd4 Rg6 53. Rxb4+ Kc6 54. Rg4 Rxg4 55. Rxg4 Nf5 56. Ka2 Ne3 57. Rh4 Nf5 58. Rh3 Nd4 59. c3 Nf5 60. b4 Nd6 61. Rh6 Kd5 62. Kb3 Kc6 63. Ka4 Kc7 64. Rxd6 Kxd6 65. Ka5 1-0

[Event "Beirut op 10th"]
[Site "Beirut"]
[Date "2019.04.29"]
[Round "4"]
[White "Khairallah, Faisal"]
[Black "Dimitrijevic, Aleksandra"]
[Result "0-1"]
[WhiteElo "2255"]
[BlackElo "2164"]
[PlyCount "104"]
[EventDate "2019.04.25"]
[EventType "swiss"]
[EventRounds "9"]
[EventCountry "LBN"]
[SourceTitle "CBM 190 Extra"]
[Source "ChessBase"]
[SourceDate "2019.07.15"]
[SourceVersion "1"]
[SourceVersionDate "2019.07.15"]
[SourceQuality "1"]

1. d4 d6 2. c4 Nf6 3. Nc3 Bf5 4. f3 e5 5. d5 h6 6. e4 Bh7 7. Bd3 c5 8. Nge2 Be7 9. 0-0 Nbd7 10. Rb1 0-0 11. Be3 h5 12. b4 cxb4 13. Rxb4 b6 14. Qd2 Kh8 15. a4 Rg8 16. a5 g5 17. axb6 axb6 18. Kh1 g4 19. f4 exf4 20. Nxf4 Bf8 21. Bd4 Bg7 22. Nb5 Qe7 23. Rbb1 h4 24. Rbe1 Ne5 25. Bxb6 Nxd3 26. Nxd3 Nxe4 27. Qf4 f5 28. Bd4 h3 29. g3 Ra2 30. Nb4 Rg2 31. Nc6 Qd7 32. Ra1 Nd2 33. Ra7 Qxa7 34. Ncxa7 Nxf1 35. Qxf1 Re8 36. Bxg7+ Kxg7 37. Nd4 Rb8 38. Nab5 Ra8 39. Nc3 f4 40. Ne6+ Kg8 41. Nxf4 Rc2 42. Nfe2 Rf8 43. Qe1 Re8 44. Qd1 Re3 45. Kg1 Bd3 46. Nd4 Rg2+ 47. Kh1 Rf2 48. Qxg4+ Kf7 49. Qh5+ Bg6 50. Qd1 Rxc3 51. Qe1 Be4+ 52. Kg1 Rg2+ 0-1

[Event "Beirut op 10th"]
[Site "Beirut"]
[Date "2019.04.25"]
[Round "1"]
[White "Dimitrijevic, Aleksandra"]
[Black "Terzian, Kevork"]
[Result "1-0"]
[WhiteElo "2164"]
[BlackElo "1731"]
[PlyCount "63"]
[EventDate "2019.04.25"]
[EventType "swiss"]
[EventRounds "9"]
[EventCountry "LBN"]
[SourceTitle "CBM 190 Extra"]
[Source "ChessBase"]
[SourceDate "2019.07.15"]
[SourceVersion "1"]
[SourceVersionDate "2019.07.15"]
[SourceQuality "1"]

1. e4 d6 2. d4 g6 3. Be3 Bg7 4. c3 Nf6 5. f3 Nbd7 6. Bd3 c5 7. Ne2 0-0 8. 0-0 cxd4 9. cxd4 e5 10. Nbc3 exd4 11. Bxd4 a6 12. a4 Ne5 13. Bc2 Qc7 14. Kh1 b6 15. f4 Nc6 16. Bg1 Bb7 17. Qd2 Rad8 18. Qe3 Nd7 19. Nd5 Qb8 20. Nxb6 Bxb2 21. Rab1 Bg7 22. Nd5 Rde8 23. Qb3 Nd8 24. Rfc1 Nc5 25. Qb4 Qc8 26. Nec3 Bxd5 27. Nxd5 Ndb7 28. Bd4 Bxd4 29. Qxd4 Ne6 30. Nf6+ Kh8 31. Qb2 Re7 32. Nd5+ 1-0

[Event "Marmaris Karya 5th"]
[Site "Marmaris"]
[Date "2019.03.13"]
[Round "10.1"]
[White "Dimitrijevic, Aleksandra"]
[Black "Tanriverdi, Enes"]
[Result "1/2-1/2"]
[WhiteElo "2139"]
[BlackElo "2310"]
[PlyCount "135"]
[EventDate "2019.03.09"]
[EventType "schev"]
[EventRounds "10"]
[EventCountry "TUR"]
[SourceTitle "CBM 189 Extra"]
[Source "ChessBase"]
[SourceDate "2019.05.31"]
[SourceVersion "1"]
[SourceVersionDate "2019.05.31"]
[SourceQuality "1"]
[WhiteTeam "Blue Team"]
[BlackTeam "Red Team"]
[WhiteTeamCountry "TUR"]
[BlackTeamCountry "TUR"]

1. c4 Nf6 2. Nf3 g6 3. b3 Bg7 4. Bb2 0-0 5. e3 b6 6. Be2 Bb7 7. 0-0 e6 8. Nc3 d5 9. d4 Nbd7 10. cxd5 exd5 11. Qc2 a6 12. Rac1 Re8 13. a4 c5 14. Rfd1 Rc8 15. Qb1 Qe7 16. Ba3 Ng4 17. Re1 Ndf6 18. Nd1 Ne4 19. Bd3 a5 20. h3 Ngf6 21. Ne5 Qe6 22. f3 Nd6 23. Nf2 Rc7 24. e4 dxe4 25. fxe4 Nh5 26. Nf3 Qc8 27. d5 Rce7 28. Bb2 Bxb2 29. Qxb2 f6 30. e5 fxe5 31. Rxe5 Rxe5 32. Nxe5 Qc7 33. Nxg6 hxg6 34. Bxg6 Qg7 35. Qxg7+ Nxg7 36. Bxe8 Ngxe8 37. g4 Bxd5 38. Rc3 Nc7 39. h4 Ne6 40. Re3 Nd4 41. Re7 Bxb3 42. Rd7 Nf7 43. g5 Nf3+ 44. Kg2 Nxh4+ 45. Kg3 Ng6 46. Ne4 Bxa4 47. Rb7 Bc2 48. Nf6+ Kg7 49. Rxb6 c4 50. Nh5+ Kg8 51. Nf4 Nxf4 52. Kxf4 Kg7 53. Rc6 a4 54. Rxc4 Bb3 55. Rc7 a3 56. Ra7 a2 57. Kf5 Bc2+ 58. Kf4 Bb1 59. Ke3 Kg6 60. Kd2 Nd6 61. Kc1 Nc4 62. Ra8 Kxg5 63. Ra7 Kf4 64. Ra8 Ke3 65. Ra7 Kd3 66. Ra8 Kc3 67. Ra7 Kb4 68. Rb7+ 1/2-1/2